Organizando el puzzle internacional

Kaydedildi:
Detaylı Bibliyografya
Materyal Türü: Metin
Etiketler: Etiketle
Etiket eklenmemiş, İlk siz ekleyin!

MARC

LEADER 00000 a a2200000 04500
001 45331
003
040
245 |a Organizando el puzzle internacional  
773 |g volumen26, número306 ( , 2007), páginas 3-13  
999 |c 33816  |d 33816